[Event "Interzonal-16"]
[Site "Biel"]
[Date "1993.??.??"]
[Round "9"]
[White "Ye, Jiangchuan"]
[Black "Akopian, Vladimir Eduardovic"]
[Result "1/2-1/2"]
[WhiteElo "2535"]
[BlackElo "2600"]
[Annotator "Boensch,U"]
[PlyCount "103"]
[EventDate "1993.07.16"]
[EventType "swiss"]
[EventRounds "13"]
[EventCountry "SUI"]
[SourceTitle "CBM 037"]
[Source "ChessBase"]
[SourceDate "1993.12.01"]
[SourceVersion "1"]
[SourceVersionDate "1993.12.01"]
[SourceQuality "1"]

1. e4 c5 2. Nf3 d6 3. d4 cxd4 4. Nxd4 Nf6 5. Nc3 a6 6. Be3 e6 7. Qd2 b5 8. f3
Bb7 9. O-O-O Nbd7 10. g4 Nb6 11. Qf2 Nfd7 12. Bd3 Rc8 13. Nce2 Qc7 14. Kb1 d5
15. Ng3 Nc4 16. Bxc4 bxc4 $1 (16... Qxc4 $6) 17. g5 $1 (17. f4 $2 Nf6) (17.
exd5 $6 Bxd5 {/^a8-h1}) 17... dxe4 18. f4 $1 {ץb7} Bd5 19. Ka1 Qb7 $6 (19...
Rb8 $5 {/\ Qa5, Nc5}) 20. h4 Rb8 21. Rb1 Nc5 $2 (21... c3 $1 22. b3 Ba3 {
/\ Nb6-c4}) 22. Nde2 $1 $16 Qc6 23. Nc3 Na4 24. Nge2 Bb4 25. f5 $1 Bxc3 26.
Nxc3 Nxc3 27. bxc3 Rb5 28. f6 g6 29. h5 gxh5 $8 30. Qh2 Kd7 31. Qxh5 e5 32.
Rhd1 (32. g6 $1 fxg6 33. Qxe5 Rxb1+ 34. Rxb1 Re8 35. Qd4 $18) 32... Qe6 33. Qh6
Rhb8 34. Rxb5 axb5 35. Qxh7 Kc6 36. g6 $1 Qxf6 37. g7 Qf3 (37... Qg6 38. Qh8
$18) 38. Re1 $1 f6 $8 (38... Qg3 39. Qh6+ Qg6 40. Qh8 $18) 39. g8=Q $1 Bxg8 40.
Qa7 (40. Qe7 $142 $1 $18 {Akopian,V}) 40... Rd8 41. Qb6+ Kd7 42. Rg1 Bf7 43.
Qxb5+ $2 (43. Rg7 $1 Ke8 44. Rh7 $1 $18) 43... Ke6 $10 44. Qxc4+ Rd5 45. Qc8+
Rd7 46. Qc6+ Rd6 47. Qc8+ Rd7 48. Re1 (48. Bc5 $6 e3 $1 $15) 48... Bh5 49. Qc6+
Rd6 50. Qc8+ Kf7 51. Qc7+ Ke6 52. Qc8+ 1/2-1/2

[Event "Madrid"]
[Site "Madrid"]
[Date "1994.??.??"]
[Round "6"]
[White "Tiviakov, Sergei"]
[Black "Salov, Valery"]
[Result "0-1"]
[WhiteElo "2630"]
[BlackElo "2685"]
[Annotator "Boensch,U"]
[PlyCount "70"]
[EventDate "1994.05.??"]
[EventType "tourn"]
[EventRounds "9"]
[EventCountry "ESP"]
[EventCategory "15"]
[SourceTitle "CBM 041"]
[Source "ChessBase"]
[SourceDate "1994.08.01"]
[SourceVersion "1"]
[SourceVersionDate "1994.08.01"]
[SourceQuality "1"]

1. e4 c5 2. Nf3 d6 3. d4 cxd4 4. Nxd4 Nf6 5. Nc3 e6 6. Be3 Be7 7. f3 Nc6 8. Qd2
O-O 9. g4 Nxd4 (9... d5 10. g5 Nxd4 11. Qxd4 Nd7 12. exd5 Bxg5 13. O-O-O Bf6
14. Qb4 a5 15. Qa3 Qc7 16. d6 $16 {Tiviakov,S-Jansa,V Gausdal Peer Gynt (8)
1992 1-0 35}) 10. Bxd4 d5 $146 11. O-O-O (11. g5 Nh5 12. Rg1 dxe4 13. Nxe4 Qd5
$13) 11... dxe4 12. g5 Nh5 (12... exf3 $2 13. gxf6 Bxf6 14. Bxf6 Qxf6 15. Ne4
Qe5 16. Bd3 $16) 13. Nxe4 Bd7 (13... Qd5 $5 14. Kb1 (14. c4 Qf5 $13) 14... Rd8
$13) 14. Qg2 (14. Qe3 Qa5 $2 (14... Qc7 $13) 15. Bxg7 $18) 14... Qc7 15. Nf6+ (
15. Qg4 Rfc8 16. Bc3 g6 $17) 15... Bxf6 $8 16. gxf6 Bc6 17. Qg4 (17. fxg7 Rfd8
18. Qg4 Qf4+ (18... f5 $1 19. Qxh5 Qf4+ 20. Kb1 Bxf3 $19) 19. Qxf4 Nxf4 20. Rg1
Bxf3 21. Rd2 $14) 17... Rfd8 18. Rg1 (18. fxg7 $2 f5 $1 $19) (18. Qxh5 $2 Qf4+
$19) 18... g6 19. c3 Kh8 $15 20. Bc4 e5 21. Be3 Bxf3 $1 (21... Nxf6 $5 22.
Rxd8+ Rxd8 23. Qh4 Nh5 24. Bxf7 $13) 22. Qxf3 Qxc4 $17 23. Qxb7 (23. Kb1 Qc6
$17) 23... Qxa2 24. Rxd8+ Rxd8 25. Qxa7 (25. Qe7 Rb8 $19) 25... Qd5 (25... Qxa7
$6 26. Bxa7 Nxf6 $13) 26. Qe7 Nf4 27. Bxf4 exf4 28. Re1 h5 29. h4 $2 (29. Qe2
$17) 29... Qd2+ 30. Kb1 Qd3+ (30... Rb8 $19) 31. Ka2 Ra8+ 32. Kb3 Rb8+ 33. Ka2
Qd2 $19 34. Rb1 Qd5+ 35. b3 Ra8+ (35... Ra8+ 36. Kb2 Qd2#) 0-1

[Event "Pamplona 9091 1st"]
[Site "Pamplona"]
[Date "1990.??.??"]
[Round "?"]
[White "Illescas Cordoba, Miguel"]
[Black "Polgar, Judit"]
[Result "0-1"]
[WhiteElo "2535"]
[BlackElo "2540"]
[Annotator "Boensch,U"]
[PlyCount "98"]
[EventDate "1990.12.??"]
[EventType "tourn"]
[EventRounds "9"]
[EventCountry "ESP"]
[EventCategory "12"]
[SourceTitle "CBM 021"]
[Source "ChessBase"]
[SourceDate "1991.04.01"]
[SourceVersion "1"]
[SourceVersionDate "1991.04.01"]
[SourceQuality "1"]

1. e4 {Boensch} c5 2. Nf3 e6 3. d4 cxd4 4. Nxd4 Nc6 5. Nc3 Qc7 6. g3 a6 7. Bg2
d6 8. O-O Bd7 9. Re1 Be7 10. Nxc6 Bxc6 11. a4 (11. Qg4 h5 12. Qe2 b5 13. Bd2 h4
(13... Nf6 14. Bg5 O-O $10 {-ECO}) 14. a4 bxa4 15. Nxa4 hxg3 16. hxg3 Nf6 $13 {
Mokry,K-Marjanovic,S Trnava 1989 -Inf.47/230}) 11... Nf6 12. Be3 O-O 13. a5 Nd7
(13... Rac8 14. Bb6 Qd7 15. f4 Bd8 $10 {Popovic,P-Gufeld,E Vinkovci 1982 -Inf.
33/259}) 14. Na4 Rae8 15. Nb6 f5 16. Nxd7 Qxd7 17. Bb6 f4 $15 18. c3 Bd8 19.
Bxd8 Rxd8 20. Qg4 Qf7 21. Qxf4 (21. gxf4 Qxf4 22. Qxe6+ Kh8 23. Re2 d5 $1 $17)
21... Qxf4 22. gxf4 Rxf4 $15 23. Rad1 Kf7 24. Rd3 e5 (24... Ke7 $2 25. e5 $140
Rg4 26. Rg3 $10) 25. Rf3 g5 26. Rd1 g4 27. Re3 Ke7 28. Rd2 h5 29. c4 (29. f3 $2
gxf3 30. Bxf3 Rg8+ 31. Rg2 Rxf3 $1 32. Rxf3 Rxg2+ 33. Kxg2 Bxe4 $19) 29... h4
30. Rde2 Rc8 31. Rb3 h3 $17 32. Bh1 Bb5 $1 33. Rc2 d5 34. exd5 Rcxc4 35. Rxc4
Rxc4 36. Rc3 Rd4 37. Rc1 e4 $19 38. Re1 Be2 $1 39. Bg2 Bf3 40. Bf1 Kd6 41. Rb1
Rd2 42. Re1 (42. b4 e3 43. fxe3 g3 $19) 42... Rxb2 43. Rb1 Ra2 (43... Rxb1 $4
$10) 44. Ra1 Rd2 45. Ra3 Ke5 46. d6 Rd1 47. d7 Bg2 48. f4+ Kxf4 49. Kf2 Rd2+ (
49... Rd2+ 50. Ke1 Rxd7 $19) 0-1

[Event "Capablanca Memorial-A"]
[Site "Matanzas"]
[Date "1994.??.??"]
[Round "5"]
[White "Spangenberg, Hugo"]
[Black "Van Wely, Loek"]
[Result "1-0"]
[WhiteElo "2510"]
[BlackElo "2570"]
[Annotator "Boensch,U"]
[PlyCount "65"]
[EventDate "1994.??.??"]
[EventType "tourn"]
[EventRounds "11"]
[EventCountry "CUB"]
[EventCategory "10"]
[SourceTitle "CBM 043"]
[Source "ChessBase"]
[SourceDate "1994.12.01"]
[SourceVersion "1"]
[SourceVersionDate "1994.12.01"]
[SourceQuality "1"]

1. e4 c5 2. Nc3 Nc6 3. Nge2 e6 4. d4 cxd4 5. Nxd4 d6 6. Be3 Nf6 7. g4 $2 $146
h6 $2 (7... Nxd4 8. Bxd4 e5 9. Bb5+ (9. Be3 Bxg4 10. Bb5+ Bd7 $15) 9... Bd7 $15
) 8. h4 $6 (8. h3 $14) 8... Nxd4 9. Bxd4 e5 10. Be3 (10. Bb5+ Bd7 11. Bxd7+
Qxd7 12. Be3 Nxg4 $17) 10... Bxg4 (10... Nxg4 $4 11. Bb5+ Bd7 12. Qxg4 $18) 11.
f3 Bd7 $6 (11... Be6 12. Bb5+ Nd7 13. Qd2 a6 14. Bxd7+ Qxd7 15. O-O-O $15) 12.
Bc4 Bc6 13. Qd3 a6 $6 (13... Be7 14. O-O-O O-O 15. Rhg1 Kh7 16. f4 $44) 14.
O-O-O Be7 15. Rhg1 Nh5 16. Nd5 b5 17. Bb3 Rc8 18. f4 $1 (18. Nxe7 Kxe7 19. Rd2
{/\ Rgd1 <=>}) 18... exf4 19. Nxf4 Nxf4 20. Bxf4 g5 21. Be5 $1 $16 (21. hxg5
hxg5 (21... Bxg5 22. Bxg5 hxg5 23. Rgf1 Rf8 24. Qg3 $18) 22. Bg3 $40 (22. Bxd6
Qxd6 23. Qxd6 Bxd6 24. Rxd6 Bxe4 (24... Ke7 25. e5 $14) 25. Rxg5 $14 (25. Re1
Rh1 $17))) 21... dxe5 22. Qf3 O-O 23. Rxd8 Rcxd8 24. Qf5 Kg7 25. hxg5 Bxg5+ 26.
Rxg5+ $1 $18 hxg5 27. Qxg5+ Kh7 28. Qh5+ (28. Bxf7 Bxe4 $16) 28... Kg7 29.
Qxe5+ Kh7 (29... f6 30. Qc7+ Bd7 31. Be6 $18) 30. Qf6 $1 Ba8 31. c3 Rd3 (31...
Rg8 32. Qxf7+ Kh8 (32... Rg7 33. Qh5#) 33. Qf6+ $18) 32. e5 Rg3 33. Bc2+ (33.
Bc2+ Kg8 34. Bh7+ Kxh7 35. Qh4+ $18) 1-0

[Event "Hoogovens-B"]
[Site "Wijk aan Zee"]
[Date "1991.01.??"]
[Round "8"]
[White "Romero Holmes, Alfonso"]
[Black "Tukmakov, Vladimir B"]
[Result "1-0"]
[WhiteElo "2460"]
[BlackElo "2520"]
[Annotator "Boensch,U"]
[PlyCount "51"]
[EventDate "1991.01.??"]
[EventType "tourn"]
[EventRounds "11"]
[EventCountry "NED"]
[EventCategory "9"]
[SourceTitle "CBM 022"]
[Source "ChessBase"]
[SourceDate "1991.06.01"]
[SourceVersion "1"]
[SourceVersionDate "1991.06.01"]
[SourceQuality "1"]

1. e4 {Boensch} c5 2. Nf3 d6 3. d4 cxd4 4. Nxd4 Nf6 5. Nc3 a6 6. Be3 e6 7. Qd2
b5 8. f3 Nbd7 9. g4 h6 10. O-O-O Bb7 11. h4 b4 12. Nce2 d5 13. Bh3 dxe4 (13...
Qa5 14. Kb1 g6 (14... dxe4 15. g5 hxg5 16. hxg5 exf3 17. Ng3 Bd5 18. Nb3 Qc7
19. gxf6 Nxf6 20. Bf4 Bd6 21. Bxd6 Qxd6 22. Qg5 $18 {Magem_Badals,J-Vera,R
Barcelona 1990 -Inf.50/247}) 15. g5 Nh5 16. f4 O-O-O 17. f5 gxf5 18. exf5 e5
19. Ne6 $18 {Magem_Badals,J-Brenninkmeier,J Novi Sad (ol) 1990 -Inf.50/247})
14. g5 hxg5 $6 {N} (14... exf3 15. Ng3 (15. Nf4 Ne4 16. Qe1 f2 $2 (16... Bd6
17. Ndxe6 $1 {Magem_Badals} (17. g6 O-O 18. gxf7+ Rxf7 19. Bxe6 Qf6 20. Nd5
Bxd5 21. Bxd5 Re8 $13 {Magem_Badals,J-Danailov,S Sitges 1990 -Inf.50/248})
17... fxe6 18. Nxe6 Qe7 19. Bd4 {/\ 20.Ng7, 20.Bf5 +/- Magem_Badals -Inf.50/248
}) 17. Bxf2 Bd6 18. Nfxe6 fxe6 19. Bxe6 Qe7 20. Nf5 $18 {Magem_Badals,
J-Rojo_Huerto,G Spanien(ch) 1990 -Inf.50/248}) 15... Nd5 16. g6 Nc5 17. gxf7+
Kxf7 18. Nxf3 $13 {Savko-Karklins URS 1990 -Inf.50/248}) 15. hxg5 exf3 16. Nf4
Ne4 17. Qe1 Nxg5 (17... f2 18. Bxf2 Nxf2 19. Bxe6 Rxh1 20. Bxf7+ Kxf7 21. Qe6#)
18. Ndxe6 $1 fxe6 19. Bxe6 Nxe6 20. Rxh8 Qf6 21. Rd6 $1 $18 O-O-O 22. Nxe6 Re8
23. Qxb4 f2 24. Qc4+ Kb8 25. Qc7+ Ka8 26. Rxa6+ $1 {(1.24/1.48)} 1-0

[Event "Linares 11th"]
[Site "Linares"]
[Date "1993.??.??"]
[Round "13"]
[White "Kasparov, Garry"]
[Black "Kamsky, Gata"]
[Result "1-0"]
[WhiteElo "2805"]
[BlackElo "2655"]
[Annotator "Boensch,U"]
[PlyCount "69"]
[EventDate "1993.02.??"]
[EventType "tourn"]
[EventRounds "13"]
[EventCountry "ESP"]
[EventCategory "18"]
[SourceTitle "CBM 034"]
[Source "ChessBase"]
[SourceDate "1993.06.01"]
[SourceVersion "1"]
[SourceVersionDate "1993.06.01"]
[SourceQuality "1"]

1. e4 c5 2. Nf3 e6 3. d4 cxd4 4. Nxd4 Nf6 5. Nc3 d6 6. Be3 a6 7. f3 Nbd7 (7...
Nc6) (7... b5) 8. g4 h6 9. Rg1 $146 (9. h4 b5 (9... Qb6 10. Qd2 (10. a3 Ne5 $13
(10... Qxb2 $2 11. Na4 $18)) 10... Qxb2 11. Nb3 Ne5 12. Be2 Qa3 13. Kf2 b5 14.
Qe1 d5 15. g5 Nfd7 16. exd5 Bb7 17. Rd1 Rc8 18. f4 Nc4 19. Bc1 Qe7 $13 {
Nunn,J-Ribli,Z BL 8788 1988 1/2 32}) (9... Qc7 10. Bh3 Nb6 11. Qe2 Bd7 12.
O-O-O Nc4 13. Bf2 b5 14. g5 hxg5 15. hxg5 Nh5 16. g6 $14 {Thorhallsson,
T-Silseth,S Gausdal Troll (8) 1992 1-0 30}) 10. Rg1 g6 11. g5 hxg5 12. hxg5 Nh5
13. a4 b4 $1 14. Nc6 Qc7 15. Nxb4 Bg7 16. Nd3 Rb8 $44 {Short,N-Kasparov,G
London m 1987 0-1 52}) 9... Qb6 (9... b5 $5) 10. a3 Ne5 11. Bf2 Qc7 (11... Qxb2
$2 12. Na4 $18) 12. f4 Nc4 13. Bxc4 Qxc4 14. Qf3 e5 $6 (14... h5 $5 15. h3 hxg4
16. hxg4 e5 17. Nf5 Bxf5 18. gxf5 $14) 15. Nf5 Bxf5 16. gxf5 $16 d5 $2 (16...
Rh7 17. O-O-O Be7 $16) 17. fxe5 Nxe4 18. Rg4 $1 $18 h5 19. Rh4 Bc5 (19... Be7
20. Nxe4 Bxh4 21. Nd6+ $18) 20. O-O-O Bxf2 21. Nxe4 dxe4 22. Qxf2 Rc8 $6 23.
Kb1 Rd8 24. Rxd8+ Kxd8 25. Rh3 Qd5 26. Rc3 Kd7 (26... Qxe5 27. Qb6+ Ke8 28.
Qxb7 $18) 27. Qb6 Rd8 28. Rc5 Qd1+ 29. Ka2 Ke8 30. Qxb7 Qg4 (30... e3 31. e6
$18) 31. e6 $1 fxe6 32. Re5 Qg5 33. h4 Qxh4 34. Rxe6+ Kf8 35. f6 (35. f6 gxf6
36. Qe7+ $18) 1-0

[Event "Reykjavik"]
[Site "Reykjavik"]
[Date "1992.??.??"]
[Round "10"]
[White "Arnason, Jon Loftur"]
[Black "Olafsson, Helgi"]
[Result "1/2-1/2"]
[WhiteElo "2515"]
[BlackElo "2525"]
[Annotator "Boensch,U"]
[PlyCount "59"]
[EventDate "1992.03.??"]
[EventType "tourn"]
[EventRounds "11"]
[EventCountry "ISL"]
[EventCategory "11"]
[SourceTitle "CBM 028"]
[Source "ChessBase"]
[SourceDate "1992.06.01"]
[SourceVersion "1"]
[SourceVersionDate "1992.06.01"]
[SourceQuality "1"]

1. e4 {Ernst} c5 2. Nf3 d6 3. d4 cxd4 4. Nxd4 Nf6 5. Nc3 a6 6. Be3 e6 7. Qd2 b5
8. f3 Nbd7 9. g4 h6 10. O-O-O Bb7 11. h4 b4 12. Nce2 d5 13. Ng3 (13. Bh3 dxe4
14. g5 hxg5 15. hxg5 exf3 16. Nf4 Ne4 17. Qe1 Nxg5 18. Ndxe6 fxe6 19. Bxe6 Nxe6
20. Rxh8 Qf6 $2 (20... Nxf4 21. Bxf4+ Qe7 $1 $10 {Stohl -Inf.51/218}) 21. Rd6
O-O-O 22. Nxe6 Re8 23. Qxb4 f2 24. Qc4+ Kb8 25. Qc7+ Ka8 26. Rxa6+ {1:0 Romero
Holmes,A-Tukmakov,V Wijk-B 1991}) 13... Qa5 {N} (13... e5 14. Nb3 d4 15. Bf2
Qc7 16. Bh3 g5 17. Bf1 $14 {Nunn,J-Stohl,I Dortmund-A 1991} (17. Bf1 {Ernst}
Rg8 18. Kb1 a5 19. Bd3 $14 {Nunn - Stohl, Dortmund 1991.})) (13... Bd6 14. Ngf5
exf5 15. Nxf5 Bf8 16. e5 $40 {Thorhallsson,Th-Arnason,J Island (ch) 1991}) 14.
Kb1 dxe4 15. g5 hxg5 16. hxg5 Rxh1 17. Nxh1 Nd5 18. g6 (18. fxe4 Nxe3 19. Qxe3
Ne5 $17) 18... O-O-O $1 19. fxe4 (19. gxf7 Nxe3 20. Qxe3 Nf6 $17) 19... Nxe3
20. Qxe3 Nc5 21. Nf2 fxg6 22. Bh3 Kb8 23. Qg5 (23. Nxe6 Rxd1+ 24. Nxd1 Nxe6 25.
Bxe6 Qe5 $15) 23... Ka8 24. Bxe6 b3 $5 25. axb3 (25. Bxb3 $2 Nxb3 $19) 25...
Rxd4 (25... Nxb3 26. Qxa5 Nxa5 27. Bd5 Bxd5 28. Ne6 $16) 26. Rxd4 Qe1+ 27. Rd1
Nxe6 28. Qxg6 Qxf2 29. Qxe6 Ka7 30. Rd7 {Boensch} (30. Rd7 Qe1+ 31. Ka2 Qa5+
$10) 1/2-1/2

[Event "Buenos Aires Sicilian"]
[Site "Buenos Aires"]
[Date "1994.10.22"]
[Round "8"]
[White "Anand, Viswanathan"]
[Black "Ljubojevic, Ljubomir"]
[Result "1-0"]
[WhiteElo "2720"]
[BlackElo "2580"]
[Annotator "Boensch,U"]
[PlyCount "77"]
[EventDate "1994.10.12"]
[EventType "tourn"]
[EventRounds "14"]
[EventCountry "ARG"]
[EventCategory "18"]
[SourceTitle "CBM 044"]
[Source "ChessBase"]
[SourceDate "1995.02.01"]
[SourceVersion "1"]
[SourceVersionDate "1995.02.01"]
[SourceQuality "1"]

1. e4 c5 2. Nf3 d6 3. d4 cxd4 4. Nxd4 Nf6 5. Nc3 a6 6. Be3 e6 7. f3 b5 8. g4 h6
9. Qd2 Nbd7 10. O-O-O Bb7 11. h4 (11. Bd3 Ne5 12. Rhe1 b4 13. Na4 d5 14. exd5
Nxd5 15. Bf2 Bd6 16. Bf5 O-O 17. Nxe6 fxe6 18. Bxe6+ Kh8 19. Bxd5 Nxf3 20. Bxf3
Bxf3 21. Bb6 Bxd1 22. Bxd8 Raxd8 $15 {Hjartarson,J-Kasparov,G Thessaloniki ol
1988}) 11... b4 12. Nce2 (12. Na4 $146 d5 13. Bh3 Qa5 14. b3 Nc5 15. g5 Nxa4
16. bxa4 Nd7 17. g6 Nc5 18. gxf7+ Kxf7 19. Nb3 Nxb3+ 20. axb3 $16 {Gunawan,
Ru-Paschall,W New York op (09) 1994 1-0 34}) 12... d5 13. Bh3 (13. exd5 Nxd5
14. Nf4 Nxe3 15. Qxe3 Qb6 16. Bc4 O-O-O 17. Nd3 Qc7 $15 {Sax,Gy-Anand,V
Philadelphia 1986}) 13... dxe4 (13... Qa5 14. Kb1 g6 (14... dxe4 15. g5 hxg5
16. hxg5 exf3 17. Ng3 Bd5 18. Nb3 Qc7 19. gxf6 Nxf6 20. Bf4 Bd6 21. Bxd6 Qxd6
22. Qg5 $18 {Magem_Badals,J-Vera,R Barcelona 1990 -Inf.50/247}) 15. g5 Nh5 16.
f4 O-O-O 17. f5 gxf5 18. exf5 e5 19. Ne6 $18 {Magem_Badals,J-Brenninkmeier,J
Novi Sad (ol) 1990 -Inf.50/247}) (13... Ne5 14. Nf4 g5 15. hxg5 Nc4 16. Qe2 Qa5
17. Kb1 hxg5 18. Nfxe6 fxe6 19. Bxg5 Be7 20. Nxe6 $16 {De La Riva-Vera/1993/})
14. g5 hxg5 (14... exf3 15. Ng3 (15. Nf4 Ne4 16. Qe1 f2 $2 (16... Bd6 17. Ndxe6
$1 (17. g6 O-O 18. gxf7+ Rxf7 19. Bxe6 Qf6 20. Nd5 Bxd5 21. Bxd5 Re8 $13 {
Magem-Danailov, Sitges 1990}) 17... fxe6 18. Nxe6 Qe7 19. Bd4 {/\ 20.Ng7, 20.
Bf5 +/- Magem_Badals -Inf.50/248}) (16... Qa5 $6 17. g6 f5 18. Nfxe6 Qxa2 19.
Nb3 Rc8 20. Rxd7 Kxd7 21. Bxf5 Ke8 22. Bxe4 Bxe4 23. Bc5 Bxc5 24. Nexc5 Kd8 25.
Qxe4 Kc7 26. Qe7+ {1-0 De la Villa Garcia,J-Martin Vazquez/Sevilla op (2) 1993}
) 17. Bxf2 Bd6 18. Nfxe6 fxe6 19. Bxe6 Qe7 20. Nf5 $18 {Magem_Badals,
J-Rojo_Huerto,G Spanien(ch) 1990 -Inf.50/248}) 15... Nd5 16. g6 Nc5 17. gxf7+
Kxf7 18. Nxf3 $13 {Savko-Karklins URS 1990 -Inf.50/248}) 15. hxg5 exf3 16. Nf4
(16. Ng3 Ne4 (16... Ne5 $5 17. gxf6 gxf6 18. Kb1 Qc7 19. Bf4 Bd5 20. Qe3 Be7
21. Bg2 Rxh1 22. Bxh1 O-O-O $15 {Velimirovic,D-Bronstein,D Donner mem-B (08)
1994 0-1 38 - CBM 43}) 17. Nxe4 Bxe4 18. Bxe6 Rxh1 19. Rxh1 fxe6 20. Nxe6 Qe7
21. Nc7+ Kf7 22. Qd4 Kg6 $13 {Zagrebelny,S-Efremov,V Alushta op 1994 1/2 37})
16... Ne4 17. Qe1 Rxh3 $146 (17... f2 $1 18. Bxf2 Qxg5 19. Be3 Qh4 20. Ndxe6
Qxe1 21. Nxg7+ Kd8 22. Rhxe1 Rxh3 23. Nxh3 Bxg7 $10 {Anand,V-Beliavsky,A
Groningen PCA (05) 1993 1-0 38}) (17... Nxg5 18. Ndxe6 $1 $16 fxe6 19. Bxe6
Nxe6 20. Rxh8 Qf6 21. Rd6 $1 O-O-O 22. Nxe6 Re8 23. Qxb4 f2 24. Qc4+ Kb8 25.
Qc7+ Ka8 26. Rxa6+ {1-0 Romero Holmes,A-Tukmakov,V Wijk-B (08) 1991}) 18. Nxh3
e5 19. Nb3 (19. Nf5 $2 Qa5 20. Kb1 Bd5 21. a3 Rb8 {/\ Nc3 -+}) (19. Nxf3 $2 Qa5
(19... Nc3 20. g6 $13) 20. Kb1 Nc3+ 21. bxc3 Bxf3 $17 (21... bxc3 22. Nd4 $1
$13)) 19... a5 20. Nd2 Qc7 $6 (20... f2 $1 21. Nxf2 Nxf2 22. Bxf2 Bxh1 23. Qxh1
Rc8 $15) 21. Bb6 $5 Nxb6 (21... Qxb6 22. Nxe4 $13) 22. Nxe4 Rc8 23. Rh2 Qc6 24.
Ng3 Qe6 25. Kb1 Nc4 26. Nf2 Nxb2 $1 {[#]} 27. Rc1 $2 (27. Kxb2 $1 Rxc2+ 28.
Kxc2 Qxa2+ 29. Kc1 (29. Kd3 $4 Qb3+ 30. Kd2 Qc3#) 29... Qa1+ 30. Kc2 b3+ (30...
Qa2+ 31. Kc1 $10) 31. Kxb3 Bd5+ (31... Qa3+ 32. Kc4 (32. Kc2 Qa2+ 33. Kd3 Qd5+
$10 (33... Qb3+ $2 34. Qc3 Ba6+ 35. Kd2 Bb4 36. Rh8+ Ke7 37. Nf5+ Kd7 38. Ke3+
$18)) 32... Qa4+ 33. Kd3 Ba6+ 34. Kd2 Bb4+ 35. Ke3 Bxe1 36. Rh8+ Ke7 37. Nf5+
Ke6 38. Nxg7+ Ke7 39. Re8+ Qxe8 40. Nxe8 Bxf2+ 41. Kxf2 Kxe8 42. Rd5 $10) (
31... a4+ 32. Kc2 Qa2+ 33. Kd3 Qd5+ 34. Kc2 Qb3+ 35. Kd2 Bb4+ 36. Kc1 Ba3+ (
36... Bxe1 $4 37. Rh8+ Ke7 38. Nf5+ Ke6 39. Nxg7+ Ke7 40. Re8#) 37. Kd2 Bb4+
$10) 32. Rxd5 Qxe1 33. Nfe4 $13) 27... Na4 $17 28. Nfe4 Rc4 29. Ka1 Qg4 $6 (
29... Bxe4 30. Nxe4 Rxe4 $1 31. Qxe4 Qxa2+ 32. Kxa2 Nc3+ 33. Kb2 (33. Kb3 a4+)
33... Nxe4 $19) 30. Qf1 Nb6 (30... Rxe4 31. Nxe4 Qxe4 32. Qb5+ Qc6 33. Qxe5+
Qe6 34. Qb5+ Bc6 35. Qb8+ Ke7 36. Rh8 Be8 37. Rd1 $132) 31. Nd2 Rc5 $6 (31...
Qxg3 $1 32. Nxc4 Qxh2 33. Nxb6 Qe2 34. Qh3 Qd2 $19) 32. Qf2 Nc4 $2 (32... Qxg5
33. Rh8 Nd7 $19) 33. Rh8 Rc8 34. Re1 $13 Nxd2 $4 (34... f6 35. gxf6 gxf6 36.
Nge4 $13) 35. Rxe5+ $18 Kd7 36. Qxd2+ Kc7 (36... Bd6 37. Rxc8 Bxc8 (37... Qxg3
38. Rd8+ $18) 38. Nf5 Qg1+ 39. Kb2 Qb6 40. Nxd6 Qxd6 41. Rd5 $18) 37. Rxf8 $1
Rxf8 38. Re7+ Kc6 (38... Kb8 39. Qd6+ Ka7 40. Qc5+ Ka6 41. Re5 $18) 39. Ne4 (
39. Ne4 Qg1+ 40. Kb2 Kb6 41. Qd6+ Ka7 (41... Bc6 42. Qc7+ Kb5 43. Re5+ $18) 42.
Nc5 Rb8 43. Qa6#) 1-0

[Event "Hafnarfirdi"]
[Site "Hafnarfirdi"]
[Date "1992.??.??"]
[Round "11"]
[White "Jonsson, Bjorgvin"]
[Black "Arnason, Jon Loftur"]
[Result "0-1"]
[WhiteElo "2420"]
[BlackElo "2515"]
[Annotator "Boensch,U"]
[PlyCount "134"]
[EventDate "1992.03.??"]
[EventType "tourn"]
[EventRounds "11"]
[EventCountry "ISL"]
[EventCategory "7"]
[SourceTitle "CBM 029"]
[Source "ChessBase"]
[SourceDate "1992.08.01"]
[SourceVersion "1"]
[SourceVersionDate "1992.08.01"]
[SourceQuality "1"]

1. e4 c5 2. Nf3 d6 3. d4 cxd4 4. Nxd4 Nf6 5. Nc3 a6 6. Be3 Nbd7 7. Qd2 e6 8. f3
b5 9. g4 h6 10. O-O-O Bb7 11. h4 $5 (11. Bd3 Ne5 12. Rhe1 b4 13. Na4 d5 14.
exd5 Nxd5 15. Bf2 Bd6 16. Bf5 O-O 17. Nxe6 fxe6 18. Bxe6+ Kh8 19. Bxd5 Nxf3 20.
Bxf3 Bxf3 21. Bb6 Bxd1 22. Bxd8 Raxd8 $15 {Hjartarson,J-Kasparov,G
Thessaloniki ol 1988}) 11... b4 12. Nce2 d5 13. Bh3 (13. exd5 Nxd5 14. Nf4 Nxe3
15. Qxe3 (15. Ndxe6 fxe6 16. Nxe6 Nxd1 17. Nxd8 Kxd8 18. Qxd1 Kc7 $13 {(Anand)
-Nunn,J 'Najdorf for the Tournament Player' S.83}) 15... Qb6 16. Bc4 O-O-O 17.
Nd3 Qc7 $15 {Sax,Gy-Anand,V Philadelphia 1986}) 13... Ne5 14. g5 Nc4 15. Qd3
Qa5 16. Kb1 (16. gxf6 $2 Qxa2 $19) 16... hxg5 17. exd5 Ne5 18. Qd2 Nxf3 $1 $17
19. Nxf3 Bxd5 20. Nc1 Bxf3 21. Bg2 (21. hxg5 Bxh1 22. gxf6 Bd5 $19) 21... g4
22. Bxf3 gxf3 23. Bd4 Be7 24. Qf4 Qf5 25. Qc7 Qb5 26. Qg3 Qf5 27. Qc7 (27. Qxg7
Rg8 28. Qh6 O-O-O $17) 27... Qb5 28. Qg3 Rc8 29. Qxf3 Qc6 30. Qe2 Qe4 31. Qd2
Rd8 32. Rhe1 Qxh4 33. Qd3 Kf8 34. Nb3 Qh5 35. Qc4 (35. Qxa6 $5 e5 36. Qa7 g6
$17) 35... Qd5 36. Qc7 Qd6 37. Qb7 Rh5 38. c4 bxc3 39. Bxc3 Rd5 (39... Qxd1+
40. Rxd1 Rxd1+ 41. Kc2 $17) 40. Rc1 Rb8 41. Qa7 Qb6 $19 42. Qxb6 Rxb6 43. Rh1
g5 44. Rcf1 Kg7 45. Nd2 Rf5 46. Rxf5 exf5 47. Nf3 g4 48. Nh4 Rb5 49. Rf1 Kf8
50. a4 Rd5 51. Rxf5 Rxf5 52. Nxf5 Ne4 53. Be1 Nd6 54. Ne3 f5 55. Kc2 Kf7 56.
Kd3 Ke6 57. b4 Bg5 58. Bf2 Nf7 59. b5 Ne5+ 60. Ke2 axb5 61. axb5 f4 62. b6 fxe3
63. b7 Nd7 64. Bg3 Kf5 65. b8=Q Nxb8 66. Bxb8 Bf4 67. Ba7 Ke4 {Boensch} 0-1